| 000 | 00959nam a22003377a 4500 | ||
|---|---|---|---|
| 001 | BR0702695 | ||
| 003 | BR-BrBNA | ||
| 005 | 20230928102439.0 | ||
| 007 | ta | ||
| 008 | 230509b bl.||||| |||| 00| 0 por d | ||
| 040 |
_aBR-BrBNA _bpor _cBiblioteca Nacional de Agricultura |
||
| 041 | _a(Por) | ||
| 072 | _aP01; M01; B50 | ||
| 090 | _ P01 BR0702695 | ||
| 100 | 1 | _aMendonça, J.O.J.(org.) | |
| 110 | 1 | _aInstituto Brasileiro do Meio Ambiente e dos Recursos Naturais Renováveis, Brasília, DF (Brasil) | |
| 245 | 1 | _aCepta 25 anos; memórias | |
| 260 | 3 |
_aBrasília, DF (Brasil): _c2005. |
|
| 300 | _a226 p. | ||
| 650 | _aPISCICULTURA | ||
| 650 | _aMEIO AMBIENTE | ||
| 650 | _aRECURSO NATURAL | ||
| 650 | _aPESQUISA PESQUEIRA | ||
| 650 | _aPLANEJAMENTO PESQUEIRO | ||
| 650 | _aRECURSO PESQUEIRO | ||
| 650 | _aPOLÍTICA PESQUEIRA | ||
| 650 | _aHISTÓRIA | ||
| 650 | _aTREINAMENTO | ||
| 909 |
_a202309 _bLucia _c55 _dLucia Elande |
||
| 942 | _cBK | ||
| 999 |
_c70809 _d70809 |
||